Statistiques concernant Films de Bertrand Blier par images

Cliquez ici pour prendre le quiz!

Statistiques générales

  • Ce quiz a été pris 39 fois
  • Le résultat moyen est 5 sur 12

Statistiques - réponses

Réponse% Correct
Les Valseuses
94%
Buffet froid
70%
Tenue de soirée
55%
Trop belle pour toi
42%
Le Bruit des glaçons
39%
La Femme de mon pote
36%
Préparez vos mouchoirs
36%
Beau Père
33%
Merci la vie
27%
Notre histoire
24%
Un, deux, trois, soleil
18%
Combien tu m'aimes ?
12%

Distribution des résultats

Percentile par nombre de réponses

% des personnes avec chaque résultat

Votre développement - résultats

Vous n’avez pas pris ce quiz